| Tag |
First Indicator |
Second Indicator |
Subfields |
| LEADER |
00000cam a22000004a 4500 |
| 001 |
in00001761860 |
| 005 |
20151025051825.0 |
| 008 |
030502s2000 cauad b 100 0 eng c |
| 020 |
|
|
|a 157735110X
|
| 035 |
|
|
|a (OCoLC)ocm52842742
|
| 040 |
|
|
|a OKS
|c OKS
|d TXA
|d UtOrBLW
|
| 042 |
|
|
|a pcc
|
| 049 |
|
|
|a TXAM
|
| 082 |
0 |
4 |
|a 006.6/6
|2 21
|
| 090 |
|
|
|a T385
|b .A115 2000
|
| 111 |
2 |
|
|a AAAI Spring Symposium
|d (2000 :
|c Stanford, Calif.)
|
| 245 |
1 |
0 |
|a Smart graphics :
|b papers from the 2000 AAAI Symposium, March 20-22, Stanford, California /
|c Andreas Butz, Antonio Krüger, and Patrick Olivier, cochairs.
|
| 264 |
|
1 |
|a Menlo Park, Calif. :
|b AAAI Press,
|c [2000]
|
| 264 |
|
4 |
|c ©2000
|
| 300 |
|
|
|a vii, 181 pages :
|b illustrations ;
|c 28 cm.
|
| 336 |
|
|
|a text
|b txt
|2 rdacontent
|
| 337 |
|
|
|a unmediated
|b n
|2 rdamedia
|
| 338 |
|
|
|a volume
|b nc
|2 rdacarrier
|
| 490 |
1 |
|
|a Technical report ;
|v SS-00-04
|
| 500 |
|
|
|a "Technical report SS-00-04".
|
| 504 |
|
|
|a Includes bibliographical references.
|
| 650 |
|
0 |
|a Computer graphics
|v Congresses.
|
| 650 |
|
0 |
|a Virtual reality
|v Congresses.
|
| 650 |
|
0 |
|a Image processing
|x Digital techniques
|v Congresses.
|
| 700 |
1 |
|
|a Butz, Andreas.
|
| 700 |
1 |
|
|a Krüger, Antonio.
|
| 700 |
1 |
|
|a Olivier, Patrick,
|d 1966-
|
| 710 |
2 |
|
|a American Association for Artificial Intelligence.
|
| 830 |
|
0 |
|a Technical report (American Association for Artificial Intelligence) ;
|v SS-00-04.
|
| 994 |
|
|
|a C0
|b TXA
|
| 948 |
|
|
|a cataloged
|b h
|c 2006/9/6
|d c
|e nbehmer
|f 10:38:40 am
|
| 999 |
|
|
|a MARS
|
| 999 |
f |
f |
|s e3401ae1-bcd8-31cb-b242-5a7b09f80960
|i 1fc333ea-3534-3de5-bf10-ebca60345b7b
|t 0
|
| 952 |
f |
f |
|p ric
|a Texas A&M University
|b Rellis Campus
|c Joint Library Facility
|d Remote Storage
|t 0
|e T385 .A115 2000
|h Library of Congress classification
|i unmediated -- volume
|m A14834721504
|
| 998 |
f |
f |
|a T385 .A115 2000
|t 0
|l Remote Storage
|